| 000 | 00765nam a2200193 i 4500 | ||
|---|---|---|---|
| 001 | 69937 | ||
| 003 | ES-MaACL | ||
| 005 | 20230906170652.0 | ||
| 007 | t| | ||
| 008 | 040713s1964 sp df |||| | spa d | ||
| 100 | 1 |
_aGarcía Manrique, Eusebio. _954881 |
|
| 245 | 1 | 3 |
_aLa emigración española a Bélgica en los últimos años / _cE. García Manrique. |
| 260 |
_aZaragoza : _bDepartamento de Geografía Aplicada del Instituto Juan Sebastián Elcano, _c1964. |
||
| 300 |
_a192 p., 1 lám. : _bgráf. ; _c17 cm. |
||
| 500 | _aPrecede al tít.: Consejo Superior de Investigaciones Científicas. | ||
| 650 | 4 |
_aEspañoles- _zBélgica. _9169500 |
|
| 710 | 2 |
_aInstituto Juan Sebastián Elcano. _bDepartamento de Geografía Aplicada. _95114 |
|
| 852 |
_aES-MaACL _jC-25753 |
||
| 999 |
_c69937 _d69937 |
||